<?xml version="1.0" encoding="UTF-8"?>
<record
    xmlns:xsi="http://www.w3.org/2001/XMLSchema-instance"
    xsi:schemaLocation="http://www.loc.gov/MARC21/slim http://www.loc.gov/standards/marcxml/schema/MARC21slim.xsd"
    xmlns="http://www.loc.gov/MARC21/slim">

  <leader>01637nam a2200265 i 4500</leader>
  <controlfield tag="003">DO-SdBNP</controlfield>
  <controlfield tag="005">20240906104949.0</controlfield>
  <controlfield tag="007">ta</controlfield>
  <controlfield tag="008">240906s1997    fr            000 j spa d</controlfield>
  <datafield tag="020" ind1=" " ind2=" ">
    <subfield code="a">2253146102</subfield>
  </datafield>
  <datafield tag="040" ind1=" " ind2=" ">
    <subfield code="a">DO-SdBNP</subfield>
    <subfield code="b">spa</subfield>
    <subfield code="c">BNPHU</subfield>
    <subfield code="e">rda</subfield>
  </datafield>
  <datafield tag="082" ind1=" " ind2=" ">
    <subfield code="b">C492</subfield>
    <subfield code="2">22</subfield>
  </datafield>
  <datafield tag="100" ind1="1" ind2=" ">
    <subfield code="a">Ch&#xE2;telet, No&#xEB;lle</subfield>
    <subfield code="9">11765</subfield>
    <subfield code="d">1944-</subfield>
    <subfield code="e">autora</subfield>
  </datafield>
  <datafield tag="245" ind1="1" ind2="3">
    <subfield code="a">La femme coquelicot /</subfield>
    <subfield code="c">No&#xEB;lle Ch&#xE2;telet</subfield>
  </datafield>
  <datafield tag="264" ind1=" " ind2="1">
    <subfield code="a">Francia :</subfield>
    <subfield code="b">Ediciones Stock,</subfield>
    <subfield code="c">1997.</subfield>
  </datafield>
  <datafield tag="300" ind1=" " ind2=" ">
    <subfield code="a">151 p&#xE1;ginas,  </subfield>
    <subfield code="c">18 cm.</subfield>
  </datafield>
  <datafield tag="336" ind1=" " ind2=" ">
    <subfield code="2">rdacontent</subfield>
    <subfield code="a">texto</subfield>
    <subfield code="b">txt</subfield>
  </datafield>
  <datafield tag="337" ind1=" " ind2=" ">
    <subfield code="2">rdamedia</subfield>
    <subfield code="a">sin mediaci&#xF3;n </subfield>
    <subfield code="b">n</subfield>
  </datafield>
  <datafield tag="338" ind1=" " ind2=" ">
    <subfield code="2">rdacarrier</subfield>
    <subfield code="a">volumen</subfield>
    <subfield code="b">nc</subfield>
  </datafield>
  <datafield tag="500" ind1=" " ind2=" ">
    <subfield code="a">Libro de bolsillo.</subfield>
  </datafield>
  <datafield tag="520" ind1=" " ind2=" ">
    <subfield code="a">Marthe tiene setenta a&#xF1;os. Se podr&#xED;a creer que &#xE9;sta ya no es la &#xE9;poca de las pasiones. Sin embargo, se permitir&#xE1; vivirlo con F&#xE9;lix, el hombre de los pa&#xF1;uelos multicolores, diez a&#xF1;os mayor que ella... Una pasi&#xF3;n hecha de la maravilla de las almas y tambi&#xE9;n de la de los cuerpos. Todo lo que no le ha dado una larga vida como esposa y madre.
Los hijos y los nietos, que r&#xE1;pidamente la hab&#xED;an puesto bajo el t&#xED;tulo de "a&#xF1;os mayores" y "pastel de abuela", tendr&#xE1;n que presenciar la metamorfosis de Marthe en esta mujer amapola , radiante y fr&#xE1;gil, llena de alegr&#xED;a de amar y de ser amada.
Es un tema tab&#xFA; sobre el que el novelista de La mujer de azul levanta aqu&#xED; el velo, en una &#xE9;poca en la que se dice que la vejez es una verg&#xFC;enza o una derrota. Lo trata con gracia, emoci&#xF3;n y tambi&#xE9;n humor, lo que le ha valido una entusiasta acogida por parte de la cr&#xED;tica y el p&#xFA;blico.</subfield>
  </datafield>
  <datafield tag="590" ind1=" " ind2=" ">
    <subfield code="a">Inventariado, 2024/ YL</subfield>
  </datafield>
  <datafield tag="910" ind1=" " ind2=" ">
    <subfield code="a">YLockward</subfield>
  </datafield>
  <datafield tag="942" ind1=" " ind2=" ">
    <subfield code="2">ddc</subfield>
    <subfield code="c">LBS1</subfield>
  </datafield>
  <datafield tag="952" ind1=" " ind2=" ">
    <subfield code="0">0</subfield>
    <subfield code="1">0</subfield>
    <subfield code="2">ddc</subfield>
    <subfield code="5">6</subfield>
    <subfield code="7">0</subfield>
    <subfield code="8">GR</subfield>
    <subfield code="a">BNPHU</subfield>
    <subfield code="b">BNPHU</subfield>
    <subfield code="c">CT</subfield>
    <subfield code="d">2013-12-11</subfield>
    <subfield code="e">Donaci&#xF3;n </subfield>
    <subfield code="l">0</subfield>
    <subfield code="o">BNPHU GR C492</subfield>
    <subfield code="p">2024-5247</subfield>
    <subfield code="r">2024-09-06</subfield>
    <subfield code="w">2024-09-06</subfield>
    <subfield code="y">LBS1</subfield>
  </datafield>
  <datafield tag="999" ind1=" " ind2=" ">
    <subfield code="c">57644</subfield>
    <subfield code="d">57644</subfield>
  </datafield>
</record>
